000 00518nam a2200193Ia 4500
999 _c15115
_d15115
003 OSt
005 20201117150744.0
008 190216s9999||||xx |||||||||||||| ||und||
020 _a818247079
040 _coclc
082 _a425.03
_bSIN/A
100 _aSingal, R L
_96641
245 0 _aA Dictionary Of Adverbs /
_cR L Singal
250 _a1st Ed.
260 _bAbhishek Pub,
_c2004.
_aChandigarh;
300 _a182p
650 _aEnglish
942 _cBK
_2ddc
_h425.03
_iSIN/A
_k425.03
_mSIN/A